000 01606nam2a22002891 4500
001 rc\4458428
005 20260406085323.0
021 _aRU
_bРг3732-59
021 _aRU
_bРг6201-59
021 _aRU
_bРг280-60
035 _a(NLR Aleph) 008322949
090 _a8768217
_c8768217
100 _a20130416d1959 |||y0rusy50 ca
101 0 _arus
102 _aRU
105 _aa z |||||
200 1 _a[Логические элементы и структуры устройств электронных вычислительных машин]
210 _d1959
_aБ. м.
215 _a40 с.
_cчерт.
461 0 _1001rc\4458423
_12001#$aВычислительная техника$eКонспект лекций$e[Вып. 1]-$fГос. науч.-техн. ком. Совета Министров СССР. Центр. бюро техн. информации приборостроения и средств автоматизации$vВып. 5
_98768191
_cМосква
_d1959-
_fГос. науч.-техн. ком. Совета Министров СССР. Центр. бюро техн. информации приборостроения и средств автоматизации
_nБ. и.
_oКонспект лекций : [Вып. 1]-
_tВычислительная техника
_vВып. 5
700 1 _4070
_7ca
_8rus
_aАнисимов
_bБ. В.
_cд-р техн. наук
_f1915-1976
_gБорис Владимирович
_3RU\NLR\AUTH\770279954
_92651921
801 0 _aRU
_bNLR
_gpsbo
801 1 _aRU
_bELAR
_2rusmarc
852 _aNLR
_j59-8/1295
942 _cBOOK
980 _aNB